| 000 | 00508nam a2200169 4500 | ||
|---|---|---|---|
| 001 | 137121 | ||
| 003 | ES-MaACL | ||
| 005 | 20230906195320.0 | ||
| 007 | t| | ||
| 008 | 070214q1921 sp r ||||1| spa d | ||
| 100 | 1 |
_aSalaverri, Vicente A. _9101787 |
|
| 245 | 1 | 0 |
_aCuentos del Río de la Plata / _cVicente A. Salaverri ; prólogo de Vicente Clavel. |
| 260 |
_aBarcelona : _bCervantes, _c[1921?] |
||
| 300 |
_a204 p. ; _c19 cm. |
||
| 700 | 1 |
_aClavel, Vicente. _939116 |
|
| 852 |
_aES-MaACL _jA-4898 _bR.16922 |
||
| 999 |
_c137121 _d137121 |
||